000 00403nam a2200157Ia 4500
005 20250612025001.0
008 240331s9999 xx 000 0 und d
020 _a9559719300
082 _bSUB
_a306
245 0 _aKulagei donkaraya
260 _bEditors Publication
_c2000
300 _a100 p .,
500 _aA book on a An academic analysis of virginity
700 _aSubasinghe, V
_eedt
942 _cL
999 _c2196
_d2196